Informatika
Uložené v:
| Hlavný autor: | |
|---|---|
| Ďalší autori: | , , |
| Médium: | Kniha |
| Jazyk: | Slovak |
| Vydavateľské údaje: |
Bratislava
Sprint 2 s.r.o.
2018
|
| Vydanie: | 2. rozšírené a prepracované vydanie |
| Edícia: | Economics
|
| Predmet: | |
| Tagy: |
Žiadne tagy, Buďte prvý, kto otaguje tento záznam!
|
MARC
| LEADER | 00000nam a2200000 4500 | ||
|---|---|---|---|
| 001 | 0249580 | ||
| 005 | 20240502074007.4 | ||
| 020 | |a 978-80-89710-40-9 | ||
| 041 | 0 | |a slo | |
| 044 | |a SK | ||
| 245 | 1 | 0 | |a Informatika |c Mojmír Kokles, Anita Romanová ; recenzenti: Peter Markovič, Peter Mesároš |
| 250 | |a 2. rozšírené a prepracované vydanie | ||
| 264 | 1 | |a Bratislava |b Sprint 2 s.r.o. |c 2018 | |
| 300 | |a [245 s.] [11,4 AH] | ||
| 490 | 1 | |a Economics | |
| 830 | 0 | |a Economics | |
| 610 | 2 | 0 | |a informatika |
| 610 | 2 | 0 | |a spoločnosť vedomostná |
| 610 | 2 | 0 | |a technológie informačné |
| 610 | 2 | 0 | |a technológie komunikačné |
| 610 | 2 | 0 | |a systémy počítačové |
| 610 | 2 | 0 | |a hardvér |
| 610 | 2 | 0 | |a vybavenosť technická |
| 610 | 2 | 0 | |a softvér |
| 610 | 2 | 0 | |a programy počítačové |
| 610 | 2 | 0 | |a báza dát |
| 610 | 2 | 0 | |a vírusy |
| 610 | 2 | 0 | |a komunikácia |
| 610 | 2 | 0 | |a bezpečnosť elektronická |
| 100 | 1 | |a Kokles, Mojmír | |
| 700 | 1 | |a Romanová, Anita, 1973- | |
| 700 | 1 | |a Markovič, Peter, 1974- | |
| 700 | 1 | |a Mesároš, Peter | |